| 000 -LEADER |
| fixed length control field |
00733cam a22002414a 4500 |
| 020 ## - INTERNATIONAL STANDARD BOOK NUMBER |
| ISBN |
9781604690354 |
| 020 ## - INTERNATIONAL STANDARD BOOK NUMBER |
| ISBN |
1604690356 |
| 020 ## - INTERNATIONAL STANDARD BOOK NUMBER |
| ISBN |
9780881929874 |
| 020 ## - INTERNATIONAL STANDARD BOOK NUMBER |
| ISBN |
0881929875 |
| 040 ## - CATALOGING SOURCE |
| Transcribing agency |
DLC |
| 082 00 - DEWEY DECIMAL CLASSIFICATION NUMBER |
| Classification number |
615 NAT 1987 C154 Or. |
| 100 1# - MAIN ENTRY--AUTHOR NAME |
| Personal name |
Moerman, Daniel E. |
| 245 10 - TITLE STATEMENT |
| Title |
Native American medicinal plants : |
| Remainder of title |
an ethnobotanical dictionary / |
| 300 ## - PHYSICAL DESCRIPTION |
| Number of Pages |
799 pages : |
| Other physical details |
illustrations ; |
| Dimensions |
23 cm. |
| 500 ## - GENERAL NOTE |
| General note |
Abridged version of: Native American ethnobotany / Daniel E. Moerman. c1998. |
| 650 #0 - SUBJECT ADDED ENTRY--TOPICAL TERM |
| Topical Term |
Medicinal plants |
| 650 #0 - SUBJECT ADDED ENTRY--TOPICAL TERM |
| Topical Term |
Materia medica, Vegetable |
| 650 #0 - SUBJECT ADDED ENTRY--TOPICAL TERM |
| Topical Term |
Indians of North America |
| 650 #0 - SUBJECT ADDED ENTRY--TOPICAL TERM |
| Topical Term |
Indians of North America |
| 650 #0 - SUBJECT ADDED ENTRY--TOPICAL TERM |
| Topical Term |
Ethnobotany |
| 700 1# - ADDED ENTRY--PERSONAL NAME |
| Personal name |
Moerman, Daniel E. |
| 942 ## - ADDED ENTRY ELEMENTS (KOHA) |
| Koha item type |
ADB |
| 952 ## - LOCATION AND ITEM INFORMATION (KOHA) |
| Withdrawn status [LOCAL, KOHA] |
0 |